000 00608nam a22002057a 4500
003 OSt
005 20170328111542.0
008 160315s2016 spc ||||||||| 001 0acat|d
020 _a9788499757100
040 _bcat
_cCDMR
100 1 _aEspina, Wifredo
_d1930-
_9305
245 1 0 _aQuan volien silenciar-me
_b: memòries d'un periodista inconformista
_cWifredo Espina
260 _aLleida
_bPagès
_c2016
300 _a304 p. ;
_c24 cm
500 _adedicatòria de l'autor
504 _aÍndex
600 1 4 _aEspina, Wifredo
_d1930-
_9305
650 0 _aPeriodistes catalans
_xBiografia
_93139
942 _cMON
_2udc
999 _c6915
_d6915